<?xml version="1.0" encoding="UTF-8"?>
<record
    xmlns:xsi="http://www.w3.org/2001/XMLSchema-instance"
    xsi:schemaLocation="http://www.loc.gov/MARC21/slim http://www.loc.gov/standards/marcxml/schema/MARC21slim.xsd"
    xmlns="http://www.loc.gov/MARC21/slim">

  <leader>02620nam a22003257a 4500</leader>
  <controlfield tag="003">NALT</controlfield>
  <controlfield tag="005">20220810100242.0</controlfield>
  <controlfield tag="008">181226b        th ||||| |||| 00| 0 tha d</controlfield>
  <datafield tag="020" ind1=" " ind2=" ">
    <subfield code="a">9786168067123</subfield>
  </datafield>
  <datafield tag="040" ind1=" " ind2=" ">
    <subfield code="a">NALT</subfield>
  </datafield>
  <datafield tag="050" ind1=" " ind2=" ">
    <subfield code="a">HF 1416.6.A785</subfield>
    <subfield code="b">&#xE1E;733&#xE01; 2561</subfield>
  </datafield>
  <datafield tag="100" ind1="0" ind2=" ">
    <subfield code="9">35925</subfield>
    <subfield code="a">&#xE1E;&#xE34;&#xE23;&#xE34;&#xE22;&#xE30; &#xE1C;&#xE25;&#xE1E;&#xE34;&#xE23;&#xE38;&#xE2C;&#xE2B;&#xE4C;</subfield>
  </datafield>
  <datafield tag="245" ind1="1" ind2="0">
    <subfield code="a">&#xE01;&#xE32;&#xE23;&#xE1E;&#xE31;&#xE12;&#xE19;&#xE32;&#xE01;&#xE32;&#xE23;&#xE04;&#xE49;&#xE32;&#xE23;&#xE30;&#xE2B;&#xE27;&#xE48;&#xE32;&#xE07;&#xE1B;&#xE23;&#xE30;&#xE40;&#xE17;&#xE28;&#xE40;&#xE1E;&#xE37;&#xE48;&#xE2D;&#xE02;&#xE31;&#xE1A;&#xE40;&#xE04;&#xE25;&#xE37;&#xE48;&#xE2D;&#xE19;&#xE1B;&#xE23;&#xE30;&#xE40;&#xE17;&#xE28;&#xE01;&#xE33;&#xE25;&#xE31;&#xE07;&#xE1E;&#xE31;&#xE12;&#xE19;&#xE32;&#xE2A;&#xE39;&#xE48;&#xE40;&#xE1B;&#xE49;&#xE32;&#xE2B;&#xE21;&#xE32;&#xE22;&#xE01;&#xE32;&#xE23;&#xE1E;&#xE31;&#xE12;&#xE19;&#xE32;&#xE17;&#xE35;&#xE48;&#xE22;&#xE31;&#xE48;&#xE07;&#xE22;&#xE37;&#xE19; (Sustainable Development Goals: SDGs): </subfield>
    <subfield code="b">&#xE01;&#xE23;&#xE13;&#xE35;&#xE28;&#xE36;&#xE01;&#xE29;&#xE32;&#xE01;&#xE25;&#xE38;&#xE48;&#xE21;&#xE1B;&#xE23;&#xE30;&#xE40;&#xE17;&#xE28;&#xE2D;&#xE19;&#xE38;&#xE20;&#xE39;&#xE21;&#xE34;&#xE20;&#xE32;&#xE04;&#xE25;&#xE38;&#xE48;&#xE21;&#xE41;&#xE21;&#xE48;&#xE19;&#xE49;&#xE33;&#xE42;&#xE02;&#xE07; (Greater Mekong Subregion: GMS) /</subfield>
    <subfield code="c">&#xE1E;&#xE34;&#xE23;&#xE34;&#xE22;&#xE30; &#xE1C;&#xE25;&#xE1E;&#xE34;&#xE23;&#xE38;&#xE2C;&#xE2B;&#xE4C;, &#xE28;&#xE32;&#xE2A;&#xE15;&#xE23;&#xE32; &#xE2A;&#xE38;&#xE14;&#xE2A;&#xE27;&#xE32;&#xE2A;&#xE14;&#xE34;&#xE4C;, &#xE40;&#xE17;&#xE34;&#xE14;&#xE0A;&#xE32;&#xE22; &#xE0A;&#xE48;&#xE27;&#xE22;&#xE1A;&#xE33;&#xE23;&#xE38;&#xE07;, &#xE1B;&#xE31;&#xE07;&#xE1B;&#xE2D;&#xE19;&#xE14;&#xE4C; &#xE23;&#xE31;&#xE01;&#xE2D;&#xE33;&#xE19;&#xE27;&#xE22;&#xE01;&#xE34;&#xE08;, &#xE1E;&#xE39;&#xE40;&#xE1E;&#xE47;&#xE14; &#xE40;&#xE01;&#xE35;&#xE49;&#xE22;&#xE27;&#xE1E;&#xE34;&#xE25;&#xE32;&#xE27;&#xE07;, &#xE18;&#xE35;&#xE23;&#xE30;&#xE27;&#xE31;&#xE12;&#xE19;&#xE4C; &#xE40;&#xE08;&#xE23;&#xE34;&#xE0D;&#xE23;&#xE32;&#xE29;&#xE0E;&#xE23;&#xE4C;, &#xE28;&#xE34;&#xE23;&#xE34;&#xE1E;&#xE07;&#xE28;&#xE4C; &#xE1B;&#xE32;&#xE25;&#xE01;&#xE30;&#xE27;&#xE07;&#xE28;&#xE4C; &#xE13; &#xE2D;&#xE22;&#xE38;&#xE18;&#xE22;&#xE32;, &#xE2D;&#xE32;&#xE25;&#xE31;&#xE22; &#xE1E;&#xE19;&#xE27;&#xE34;&#xE0B;&#xE31;&#xE22;.</subfield>
  </datafield>
  <datafield tag="260" ind1=" " ind2=" ">
    <subfield code="a">&#xE01;&#xE23;&#xE38;&#xE07;&#xE40;&#xE17;&#xE1E;&#xE2F; :</subfield>
    <subfield code="b">&#xE2A;&#xE16;&#xE32;&#xE1A;&#xE31;&#xE19;&#xE23;&#xE30;&#xE2B;&#xE27;&#xE48;&#xE32;&#xE07;&#xE1B;&#xE23;&#xE30;&#xE40;&#xE17;&#xE28;&#xE40;&#xE1E;&#xE37;&#xE48;&#xE2D;&#xE01;&#xE32;&#xE23;&#xE04;&#xE49;&#xE32;&#xE41;&#xE25;&#xE30;&#xE01;&#xE32;&#xE23;&#xE1E;&#xE31;&#xE12;&#xE19;&#xE32; (&#xE2D;&#xE07;&#xE04;&#xE4C;&#xE01;&#xE32;&#xE23;&#xE21;&#xE2B;&#xE32;&#xE0A;&#xE19;),</subfield>
    <subfield code="c">2561.</subfield>
  </datafield>
  <datafield tag="300" ind1=" " ind2=" ">
    <subfield code="a">588 &#xE2B;&#xE19;&#xE49;&#xE32; :</subfield>
    <subfield code="b">&#xE20;&#xE32;&#xE1E;&#xE1B;&#xE23;&#xE30;&#xE01;&#xE2D;&#xE1A;, &#xE15;&#xE32;&#xE23;&#xE32;&#xE07; ;</subfield>
    <subfield code="c">24 &#xE0B;&#xE21;.</subfield>
  </datafield>
  <datafield tag="650" ind1=" " ind2="4">
    <subfield code="9">25692</subfield>
    <subfield code="a">&#xE01;&#xE32;&#xE23;&#xE04;&#xE49;&#xE32;&#xE23;&#xE30;&#xE2B;&#xE27;&#xE48;&#xE32;&#xE07;&#xE1B;&#xE23;&#xE30;&#xE40;&#xE17;&#xE28;</subfield>
    <subfield code="z">&#xE25;&#xE38;&#xE48;&#xE21;&#xE19;&#xE49;&#xE33;&#xE42;&#xE02;&#xE07;</subfield>
  </datafield>
  <datafield tag="650" ind1=" " ind2="4">
    <subfield code="9">25694</subfield>
    <subfield code="a">&#xE01;&#xE32;&#xE23;&#xE04;&#xE49;&#xE32;&#xE23;&#xE30;&#xE2B;&#xE27;&#xE48;&#xE32;&#xE07;&#xE1B;&#xE23;&#xE30;&#xE40;&#xE17;&#xE28;</subfield>
    <subfield code="z">&#xE40;&#xE2D;&#xE40;&#xE0A;&#xE35;&#xE22;&#xE15;&#xE30;&#xE27;&#xE31;&#xE19;&#xE2D;&#xE2D;&#xE01;&#xE40;&#xE09;&#xE35;&#xE22;&#xE07;&#xE43;&#xE15;&#xE49; </subfield>
  </datafield>
  <datafield tag="650" ind1=" " ind2="4">
    <subfield code="a">&#xE01;&#xE32;&#xE23;&#xE04;&#xE49;&#xE32;&#xE23;&#xE30;&#xE2B;&#xE27;&#xE48;&#xE32;&#xE07;&#xE1B;&#xE23;&#xE30;&#xE40;&#xE17;&#xE28;</subfield>
    <subfield code="9">9659</subfield>
  </datafield>
  <datafield tag="700" ind1="0" ind2=" ">
    <subfield code="9">35862</subfield>
    <subfield code="a">&#xE28;&#xE32;&#xE2A;&#xE15;&#xE23;&#xE32; &#xE2A;&#xE38;&#xE14;&#xE2A;&#xE27;&#xE32;&#xE2A;&#xE14;&#xE34;&#xE4C;</subfield>
  </datafield>
  <datafield tag="700" ind1="0" ind2=" ">
    <subfield code="a">&#xE40;&#xE17;&#xE34;&#xE14;&#xE0A;&#xE32;&#xE22; &#xE0A;&#xE48;&#xE27;&#xE22;&#xE1A;&#xE33;&#xE23;&#xE38;&#xE07;</subfield>
    <subfield code="9">29253</subfield>
  </datafield>
  <datafield tag="700" ind1="0" ind2=" ">
    <subfield code="9">35920</subfield>
    <subfield code="a">&#xE1B;&#xE31;&#xE07;&#xE1B;&#xE2D;&#xE19;&#xE14;&#xE4C; &#xE23;&#xE31;&#xE01;&#xE2D;&#xE33;&#xE19;&#xE27;&#xE22;&#xE01;&#xE34;&#xE08;</subfield>
  </datafield>
  <datafield tag="700" ind1="0" ind2=" ">
    <subfield code="9">35921</subfield>
    <subfield code="a">&#xE1E;&#xE39;&#xE40;&#xE1E;&#xE47;&#xE14; &#xE40;&#xE01;&#xE35;&#xE49;&#xE22;&#xE27;&#xE1E;&#xE34;&#xE25;&#xE32;&#xE27;&#xE07;</subfield>
  </datafield>
  <datafield tag="700" ind1="0" ind2=" ">
    <subfield code="9">35922</subfield>
    <subfield code="a">&#xE18;&#xE35;&#xE23;&#xE30;&#xE27;&#xE31;&#xE12;&#xE19;&#xE4C; &#xE40;&#xE08;&#xE23;&#xE34;&#xE0D;&#xE23;&#xE32;&#xE29;&#xE0E;&#xE23;&#xE4C;</subfield>
  </datafield>
  <datafield tag="700" ind1="0" ind2=" ">
    <subfield code="9">35923</subfield>
    <subfield code="a">&#xE28;&#xE34;&#xE23;&#xE34;&#xE1E;&#xE07;&#xE28;&#xE4C; &#xE1B;&#xE32;&#xE25;&#xE01;&#xE30;&#xE27;&#xE07;&#xE28;&#xE4C; &#xE13; &#xE2D;&#xE22;&#xE38;&#xE18;&#xE22;&#xE32;</subfield>
  </datafield>
  <datafield tag="700" ind1="0" ind2=" ">
    <subfield code="9">35924</subfield>
    <subfield code="a">&#xE2D;&#xE32;&#xE25;&#xE31;&#xE22; &#xE1E;&#xE19;&#xE27;&#xE34;&#xE0B;&#xE31;&#xE22;</subfield>
  </datafield>
  <datafield tag="850" ind1=" " ind2=" ">
    <subfield code="a">NALT</subfield>
  </datafield>
  <datafield tag="942" ind1=" " ind2=" ">
    <subfield code="c">RSH</subfield>
    <subfield code="2">lcc</subfield>
  </datafield>
  <datafield tag="998" ind1=" " ind2=" ">
    <subfield code="a">&#xE34;bijaya</subfield>
    <subfield code="b">phon</subfield>
    <subfield code="c">phon</subfield>
    <subfield code="j">104</subfield>
    <subfield code="k"> &#xE19;&#xE32;&#xE07;&#xE2A;&#xE32;&#xE27;&#xE2A;&#xE32;&#xE22;&#xE1D;&#xE19;  &#xE14;&#xE35;&#xE07;&#xE32;&#xE21;</subfield>
  </datafield>
  <datafield tag="999" ind1=" " ind2=" ">
    <subfield code="c">95594</subfield>
    <subfield code="d">95594</subfield>
  </datafield>
  <datafield tag="952" ind1=" " ind2=" ">
    <subfield code="0">0</subfield>
    <subfield code="1">0</subfield>
    <subfield code="2">lcc</subfield>
    <subfield code="4">0</subfield>
    <subfield code="7">0</subfield>
    <subfield code="8">CRSH</subfield>
    <subfield code="a">NALT</subfield>
    <subfield code="b">NALT</subfield>
    <subfield code="c">RSH</subfield>
    <subfield code="d">2018-12-26</subfield>
    <subfield code="o">&#xE27; HF 1416.6.A785 &#xE1E;733&#xE01; 2561</subfield>
    <subfield code="p">3961208917</subfield>
    <subfield code="r">2019-01-04 00:00:00</subfield>
    <subfield code="w">2018-12-26</subfield>
    <subfield code="y">RSH</subfield>
  </datafield>
  <datafield tag="952" ind1=" " ind2=" ">
    <subfield code="0">0</subfield>
    <subfield code="1">0</subfield>
    <subfield code="2">lcc</subfield>
    <subfield code="4">0</subfield>
    <subfield code="7">0</subfield>
    <subfield code="8">CSEN</subfield>
    <subfield code="a">NALT</subfield>
    <subfield code="b">NALT</subfield>
    <subfield code="c">RSH</subfield>
    <subfield code="d">2023-12-23</subfield>
    <subfield code="l">0</subfield>
    <subfield code="o">&#xE27; HF 1416.6.A785 &#xE1E;733&#xE01; 2561</subfield>
    <subfield code="p">0100010080001</subfield>
    <subfield code="r">2023-12-27 00:00:00</subfield>
    <subfield code="w">2023-12-23</subfield>
    <subfield code="y">RSH</subfield>
  </datafield>
</record>
